Online
Catalog

Reach out / (Record no. 1063)

MARC details
000 -CABECERA
campo de control de longitud fija 00792cam a2200241 a 4500
001 - NÚMERO DE CONTROL
campo de control 000001104
005 - FECHA Y HORA DE LA ÚLTIMA TRANSACCIÓN
campo de control 20200929145457.0
008 - DATOS DE LONGITUD FIJA--INFORMACIÓN GENERAL
campo de control de longitud fija 731207s1969 ilu 000 0 eng
040 ## - FUENTE DE LA CATALOGACIÓN
Centro catalogador/agencia de origen DO-SdBNP
Centro/agencia transcriptor DLC
Centro/agencia modificador DLC
082 ## - NÚMERO DE LA CLASIFICACIÓN DECIMAL DEWEY
Número de clasificación 242.2
Número de documento/Ítem C461r
110 1# - ENTRADA PRINCIPAL--NOMBRE DE ENTIDAD CORPORATIVA
Nombre de entidad corporativa o nombre de jurisdicción como elemento de entrada Christ International
9 (RLIN) 3780
130 0# - ENTRADA PRINCIPAL--TÍTULO UNIFORME
Título uniforme Bible.
Nombre de parte o sección de la obra N.T.
Lenguaje de la obra English.
Versión Living Bible.
Fecha de publicación/de la obra 1969.
9 (RLIN) 3781
245 10 - MENCIÓN DE TÍTULO
Título Reach out /
Mención de responsabilidad, etc. parafraseado, Kenneth N. Taylor.
250 ## - MENCIÓN DE EDICIÓN
Mención de edición 24a imp.
260 ## - PUBLICACIÓN, DISTRIBUCIÓN, ETC.
Lugar de publicación, distribución, etc. Wheaton :
Nombre del editor, distribuidor, etc. Tyndale House,
Fecha de publicación, distribución, etc. 1969.
300 ## - DESCRIPCIÓN FÍSICA
Extensión 650 p. ;
Dimensiones 20 cm.
650 #4 - PUNTO DE ACCESO ADICIONAL DE MATERIA--TÉRMINO DE MATERIA
Término de materia o nombre geográfico como elemento de entrada Literatura religiosa
9 (RLIN) 3200
650 #4 - PUNTO DE ACCESO ADICIONAL DE MATERIA--TÉRMINO DE MATERIA
Término de materia o nombre geográfico como elemento de entrada Literatura cristiana
Subdivisión general Oraciones
9 (RLIN) 3782
650 #4 - PUNTO DE ACCESO ADICIONAL DE MATERIA--TÉRMINO DE MATERIA
Término de materia o nombre geográfico como elemento de entrada Literatura cristiana
Subdivisión general Meditaciones
9 (RLIN) 3783
700 1# - PUNTO DE ACCESO ADICIONAL--NOMBRE DE PERSONA
Nombre de persona Taylor, Kenneth Nathaniel
9 (RLIN) 3784
700 1# - PUNTO DE ACCESO ADICIONAL--NOMBRE DE PERSONA
Nombre de persona Hillis, Don W.,
Término indicativo de función/relación comp.
9 (RLIN) 3785
910 ## - DATOS DE OPCIÓN DEL USUARIO (OCLC)
Datos de opción del usuario Catalogación por copia / LC
Holdings
Estado de retiro Estado de pérdida Restricciones de uso No para préstamo Código de colección Localización permanente Ubicación/localización actual Ubicación en estantería Fecha de adquisición Número de inventario Total de préstamos Signatura topográfica completa Código de barras Fecha visto por última vez Precio válido a partir de Tipo de ítem Koha
    Préstamo interno Préstamo en sala Dominicana de Servicio Biblioteca Nacional Pedro Henríquez Ureña Biblioteca Nacional Pedro Henríquez Ureña Depósito 02.09.2009 LF1   242.2 C461r 1104-10 25.06.2020 25.06.2020 Libros y folletos

Powered by Koha